000 00412nam a2200181Ia 4500
005 20250603145114.0
008 250603s9999 xx 000 0 und d
020 _a0-374-28158-0
050 _aPS3573.O526I13
100 _aTom Wolfe
245 0 _aI am Charlotte Simmons
260 _aNew York
260 _bFarrar Straus Giroux
260 _c2004
300 _a676 p
650 _aNew York
942 _cBK
999 _c40887
_d40887